[Event "Denizli op"]
[Site "Denizli"]
[Date "2025.07.10"]
[Round "6"]
[White "Yilmazyerli, Mert"]
[Black "Akturk, Mustafa Deniz"]
[Result "1/2-1/2"]
[WhiteElo "2515"]
[BlackElo "2195"]
[PlyCount "75"]
[EventDate "2025.07.07"]
[EventType "swiss"]
[EventRounds "9"]
[EventCountry "TUR"]
[SourceTitle "CB29_2025"]
[SourceDate "2025.07.16"]
[SourceVersion "1"]
[SourceVersionDate "2025.07.16"]
[SourceQuality "1"]

1. Nf3 Nf6 2. g3 g6 3. Bg2 Bg7 4. 0-0 0-0 5. d4 d5 6. c4 c6 7. a4 a5 8. cxd5 Nxd5 9. e4 Nb4 10. Nc3 Bg4 11. Be3 Nd7 12. h3 Bxf3 13. Bxf3 Nb6 14. Be2 Qc8 15. d5 Nd7 16. Rc1 Rd8 17. Kg2 Nf6 18. Bb6 Rd7 19. Qb3 Qe8 20. Rfd1 h5 21. Be3 Qd8 22. dxc6 bxc6 23. Qc4 Rb8 24. f4 Rbb7 25. Bc5 Ne8 26. e5 Nd5 27. Nxd5 cxd5 28. Qc3 Nd6 29. Ba3 Nf5 30. Bb5 Rdc7 31. Qd3 d4 32. Qe4 Qc8 33. Rxc7 Rxc7 34. Rd2 Rc1 35. Kh2 Kh7 36. Bd3 h4 37. gxh4 Nxh4 38. Bxe7 1/2-1/2

[Event "Denizli op"]
[Site "Denizli"]
[Date "2025.07.07"]
[Round "1"]
[White "Efimov, Leonid"]
[Black "Yilmazyerli, Mert"]
[Result "1-0"]
[WhiteElo "2260"]
[BlackElo "2515"]
[PlyCount "43"]
[EventDate "2025.07.07"]
[EventType "swiss"]
[EventRounds "9"]
[EventCountry "TUR"]
[SourceTitle "CB29_2025"]
[SourceDate "2025.07.16"]
[SourceVersion "1"]
[SourceVersionDate "2025.07.16"]
[SourceQuality "1"]

1. d4 Nf6 2. c4 e6 3. g3 d5 4. Bg2 dxc4 5. Nf3 Nc6 6. 0-0 Rb8 7. e3 b5 8. a4 b4 9. Qe2 Na5 10. Ne5 Ba6 11. Nd2 Rb6 12. Ndxc4 Bd6 13. Qc2 b3 14. Qc3 Bb4 15. Qd3 Nd7 16. Nxb6 Bxd3 17. Nxd3 Nxb6 18. Nxb4 0-0 19. Bd2 c5 20. Nd3 Nac4 21. Bc3 Nd5 22. Rfc1 1-0

[Event "Cesme op-A 11th"]
[Site "Izmir"]
[Date "2025.06.24"]
[Round "2"]
[White "Yilmazyerli, Mert"]
[Black "Eliseev, Sergey"]
[Result "1/2-1/2"]
[WhiteElo "2515"]
[BlackElo "2254"]
[PlyCount "106"]
[EventDate "2025.06.23"]
[EventType "swiss"]
[EventRounds "9"]
[EventCountry "TUR"]
[SourceTitle "CB27_2025"]
[SourceDate "2025.07.02"]
[SourceVersion "1"]
[SourceVersionDate "2025.07.02"]
[SourceQuality "1"]

1. c4 e5 2. Nc3 Bb4 3. Nd5 a5 4. Nf3 d6 5. a3 Bc5 6. e3 c6 7. Nc3 Nd7 8. d4 Ba7 9. Qc2 Ngf6 10. b3 0-0 11. Bb2 exd4 12. Nxd4 d5 13. 0-0-0 Nc5 14. cxd5 cxd5 15. Kb1 Bd7 16. Ndb5 Bxb5 17. Nxb5 Bb6 18. Qf5 Qe7 19. Bd3 Nxd3 20. Rxd3 Qe6 21. Qf4 Qe4 22. Qxe4 Nxe4 23. Rf1 Rfd8 24. Bd4 Bxd4 25. Nxd4 Rac8 26. f3 Nc5 27. Rc3 Ne6 28. Rfc1 Rxc3 29. Rxc3 Nxd4 30. exd4 h5 31. Rc7 b6 32. Rc6 Re8 33. Rxb6 Re1+ 34. Kc2 Re2+ 35. Kd3 Rxg2 36. Rb5 Rxh2 37. Rxa5 Rb2 38. Kc3 Rf2 39. Rxd5 Rxf3+ 40. Kc4 h4 41. Rh5 Rf4 42. a4 g6 43. Re5 h3 44. Re1 g5 45. a5 Rf2 46. Ra1 h2 47. a6 Ra2 48. Rxa2 h1Q 49. a7 Qc6+ 50. Kd3 Qf3+ 51. Kc4 Qc6+ 52. Kd3 Qf3+ 53. Kc4 Qc6+ 1/2-1/2

[Event "TUR-ch"]
[Site "Antalya"]
[Date "2024.12.20"]
[Round "4.4"]
[White "Tarhan, Adar"]
[Black "Yilmazyerli, Mert"]
[Result "0-1"]
[WhiteElo "2483"]
[BlackElo "2515"]
[PlyCount "110"]
[EventDate "2024.12.13"]
[EventType "k.o."]
[EventRounds "4"]
[EventCountry "TUR"]
[SourceTitle "CB52_2024"]
[SourceDate "2024.12.25"]
[SourceVersion "1"]
[SourceVersionDate "2024.12.25"]
[SourceQuality "1"]

1. d4 d5 2. c4 dxc4 3. Nf3 Nf6 4. Nc3 a6 5. a4 Nc6 6. e4 Bg4 7. e5 Bxf3 8. gxf3 Nd5 9. Be3 e6 10. Bxc4 Nxe3 11. fxe3 Nxe5 12. Bxe6 Qh4+ 13. Ke2 fxe6 14. dxe5 Qg5 15. Qg1 Qxe5 16. Qg4 0-0-0 17. Rac1 Bc5 18. Qe4 Qf5 19. Rcg1 g6 20. h4 Be7 21. Rg4 Bf6 22. Rf4 Qxe4 23. Nxe4 Bxb2 24. Rb1 Be5 25. Rf7 Rdf8 26. Re7 Re8 27. Rf7 Ref8 28. Rxf8+ Rxf8 29. Nc5 b6 30. Nxe6 Re8 31. Ng5 Bf6 32. Ne4 Bxh4 33. Rh1 g5 34. Nf6 Re7 35. e4 Rf7 36. Nd5 Bg3 37. Rh6 Bf4 38. a5 g4 39. Nxf4 Rxf4 40. fxg4 Rxe4+ 41. Kf3 Re7 42. axb6 cxb6 43. Rxb6 Ra7 44. Kf4 a5 45. Rb1 a4 46. Ra1 a3 47. Kg5 Kd8 48. Kh6 a2 49. g5 Ke8 50. g6 hxg6 51. Kxg6 Ke7 52. Kf5 Kd6 53. Ke4 Kc5 54. Kd3 Kb4 55. Kc2 Ka3 0-1

[Event "TUR-ch"]
[Site "Antalya"]
[Date "2024.12.18"]
[Round "3.2"]
[White "Gunduz, Umut Erdem"]
[Black "Yilmazyerli, Mert"]
[Result "0-1"]
[WhiteElo "2287"]
[BlackElo "2515"]
[PlyCount "54"]
[EventDate "2024.12.13"]
[EventType "k.o."]
[EventRounds "4"]
[EventCountry "TUR"]
[SourceTitle "CB52_2024"]
[SourceDate "2024.12.25"]
[SourceVersion "1"]
[SourceVersionDate "2024.12.25"]
[SourceQuality "1"]

1. e4 c5 2. Nf3 Nc6 3. d4 cxd4 4. Nxd4 g6 5. Nc3 Bg7 6. Be3 Nf6 7. Bc4 0-0 8. Bb3 d6 9. f3 Bd7 10. Qd2 Nxd4 11. Bxd4 b5 12. h4 a5 13. h5 a4 14. Bd5 b4 15. Bxf6 exf6 16. Ne2 Rc8 17. hxg6 hxg6 18. Nf4 f5 19. Nxg6 Re8 20. g4 Qf6 21. gxf5 Bxf5 22. Nf4 Qxb2 23. Bxf7+ Kxf7 24. Qd5+ Be6 25. Qh5+ Kf8 26. Ng6+ Kg8 27. Qh7+ Kf7 0-1

[Event "TUR-chT"]
[Site "Ankara"]
[Date "2024.07.22"]
[Round "11.3"]
[White "Demirel, Ali Yagmur"]
[Black "Yilmazyerli, Mert"]
[Result "0-1"]
[WhiteElo "1820"]
[BlackElo "2520"]
[PlyCount "60"]
[EventDate "2024.07.14"]
[EventType "team-tourn"]
[EventRounds "15"]
[EventCountry "TUR"]
[SourceTitle "EXT 2025"]
[Source "ChessBase"]
[SourceDate "2024.10.14"]
[SourceVersion "1"]
[SourceVersionDate "2024.10.14"]
[SourceQuality "1"]
[WhiteTeam "Darassufaka Spor"]
[BlackTeam "Pamukkale Universiteli"]
[WhiteTeamCountry "TUR"]
[BlackTeamCountry "TUR"]

1. e4 g6 2. d4 Bg7 3. Nf3 d6 4. Bc4 Nf6 5. Nc3 0-0 6. Bb3 Bg4 7. h3 Bxf3 8. Qxf3 Nc6 9. Be3 e5 10. dxe5 dxe5 11. Bg5 Nd4 12. Qe3 c6 13. 0-0 Qb6 14. Na4 Qb5 15. Nc3 Qb4 16. Rae1 a5 17. Qg3 Qd6 18. Qh4 b5 19. f4 h6 20. Bxh6 a4 21. Bxf7+ Rxf7 22. Re3 b4 23. Nd1 Nxc2 24. f5 g5 25. Qxg5 Nxe3 26. Qxe3 Qd4 27. Qxd4 exd4 28. Bxg7 Kxg7 29. e5 Nd5 30. g4 a3 0-1

[Event "TUR-chT"]
[Site "Ankara"]
[Date "2024.07.17"]
[Round "4.3"]
[White "Yilmazyerli, Mert"]
[Black "Petkov, Momchil"]
[Result "1/2-1/2"]
[WhiteElo "2520"]
[BlackElo "2497"]
[PlyCount "39"]
[EventDate "2024.07.14"]
[EventType "team-tourn"]
[EventRounds "15"]
[EventCountry "TUR"]
[SourceTitle "EXT 2025"]
[Source "ChessBase"]
[SourceDate "2024.10.14"]
[SourceVersion "1"]
[SourceVersionDate "2024.10.14"]
[SourceQuality "1"]
[WhiteTeam "Pamukkale Universiteli"]
[BlackTeam "Burhaniye"]
[WhiteTeamCountry "TUR"]
[BlackTeamCountry "TUN"]

1. d4 Nf6 2. c4 g6 3. Nf3 Bg7 4. g3 0-0 5. Bg2 d6 6. Nc3 Nbd7 7. 0-0 e5 8. h3 Re8 9. dxe5 dxe5 10. Be3 Qe7 11. Nd2 h6 12. Nd5 Nxd5 13. cxd5 Nf6 14. Rc1 e4 15. Bd4 Rd8 16. Qb3 Nxd5 17. Bxg7 Kxg7 18. Nxe4 c6 19. Rfe1 Bxh3 20. Bxh3 1/2-1/2

[Event "TUR-chT"]
[Site "Ankara"]
[Date "2024.07.16"]
[Round "3.4"]
[White "Yilmazyerli, Mert"]
[Black "Dastan, Batuhan Muhammed"]
[Result "1/2-1/2"]
[WhiteElo "2520"]
[BlackElo "2553"]
[PlyCount "60"]
[EventDate "2024.07.14"]
[EventType "team-tourn"]
[EventRounds "15"]
[EventCountry "TUR"]
[SourceTitle "EXT 2025"]
[Source "ChessBase"]
[SourceDate "2024.10.14"]
[SourceVersion "1"]
[SourceVersionDate "2024.10.14"]
[SourceQuality "1"]
[WhiteTeam "Pamukkale Universiteli"]
[BlackTeam "Turk Hava Yollari"]
[WhiteTeamCountry "TUR"]
[BlackTeamCountry "TUR"]

1. d4 d5 2. c4 c6 3. Nf3 Nf6 4. Nc3 dxc4 5. a4 e6 6. e4 Bb4 7. Bg5 Qa5 8. Bd2 c5 9. Bxc4 cxd4 10. Nxd4 Qc5 11. Bb5+ Bd7 12. Nb3 Qc7 13. Rc1 Nc6 14. 0-0 0-0 15. Nd5 Nxd5 16. exd5 Bxd2 17. Qxd2 exd5 18. Qxd5 Be6 19. Qf3 Qb6 20. Nc5 Nd4 21. Qxb7 Nxb5 22. axb5 Rab8 23. Qxb6 Rxb6 24. Nxe6 fxe6 25. Rc7 Rxb5 26. Rxa7 Rxb2 27. g3 Rf7 28. Ra8+ Rf8 29. Ra7 Rf7 30. Ra8+ Rf8 1/2-1/2

[Event "Sharjah Masters 7th"]
[Site "Sharjah"]
[Date "2024.05.16"]
[Round "3"]
[White "Yilmazyerli, Mert"]
[Black "Jumabayev, Rinat"]
[Result "1/2-1/2"]
[WhiteElo "2522"]
[BlackElo "2597"]
[PlyCount "76"]
[EventDate "2024.05.14"]
[EventType "swiss"]
[EventRounds "9"]
[EventCountry "UAE"]
[SourceTitle "CBM 220"]
[Source "ChessBase"]
[SourceDate "2024.06.30"]
[SourceVersion "1"]
[SourceVersionDate "2024.06.30"]
[SourceQuality "1"]

1. d4 Nf6 2. c4 g6 3. Nf3 Bg7 4. g3 d6 5. Bg2 0-0 6. Nc3 Nbd7 7. 0-0 e5 8. h3 Re8 9. e4 exd4 10. Nxd4 c6 11. Rb1 a5 12. Re1 Nc5 13. b3 Bd7 14. Bf4 Qb6 15. Be3 Rad8 16. Qc2 Qc7 17. f4 h5 18. Rbd1 Qc8 19. Kh2 b5 20. cxb5 cxb5 21. Ndxb5 Ncxe4 22. Rc1 d5 23. Nxe4 Qxc2 24. Nxf6+ Bxf6 25. Rxc2 Bxb5 26. Rc5 d4 27. Bd2 Bd3 28. Rxa5 Kg7 29. Rd5 Rxe1 30. Bxe1 Re8 31. Bf2 Re2 32. Kg1 Rxa2 33. Bf3 Ra1+ 34. Kh2 Ra2 35. Kg1 Ra1+ 36. Kh2 Ra2 37. Kg1 Re2 38. Bg2 Bf5 1/2-1/2